Statistics for Countries Without Central Banks

Click here to take the quiz!

General Stats

  • This quiz has been taken 27 times
  • The average score is 7 of 8

Answer Stats

Region or ContinentAnswer% Correct
EuropeAndorra
100%
OceaniaMarshall Islands
95%
EuropeMonaco
95%
OceaniaFederal States of Micronesia
85%
OceaniaNauru
85%
OceaniaPalau
85%
OceaniaTuvalu
85%
OceaniaKiribati
80%

Score Distribution

Percentile by Number Answered

Percent of People with Each Score

Your Score History

You have not taken this quiz